000 03733nas1a22005531i 4500
001 RU\NLR\INFOCOMM\1000015013
005 20260407073235.0
011 _a0234-3002
035 _a(NLR Aleph) 002276557
090 _a4002097
_c4002097
100 _a20031120c1985 |||y0rusy50 ca
101 0 _arus
102 _aRU
110 _aahu||||0|y0
200 1 _aАвторское право
_eБюл. UNESCO
210 _aМ.
_cЮниПринт
_d1985-
300 _aВыходит также на англ., фр., исп. и кит. яз. До т. 18 (1985) на рус. яз. не изд.
430 1 _1001rc\708728
_12001#$aБюллетень по авторскому праву
_96799387
_cМ.
_d1985-2000
_fЮНЕСКО, Комис. СССР по делам ЮНЕСКО
_nПрогресс
_oЕжекварт. обзор : Публ. ЮНЕСКО
_tБюллетень по авторскому праву
_x0010-8634
712 0 2 _4570
_aЮНЕСКО
_3RU\NLR\AUTH\883199
_9277585
801 2 _aRU
_bNLR
_c20081101
_2rusmarc
801 1 _aRU
_bInfoComm
_c20031120
801 0 _aRU
_bNLR
_gPSBO
852 _aNLR
_jП22/5150
942 _cJOURNAL
980 _aRUSPER